000
00313nam a22001337a 4500
008
170413b xxu||||| |||| 00| 0 eng d
020
_a
9994371908
041
_a
eng
080
_a
612.39
100
_a
10
101
_a
SHM
245
_a
TE USHQEHEMI DREJT SIPAS GRUPEVE TE GJAKUT
_c
DADAMO, P.J
942
_2
udc
_c
BK
999
_c
10688
_d
10688